LEADER 03448nlm0 2200373 450 001 000036093 005 20231211155632.0 010 $a978-88-921-9803-6$beBook-PDF 100 $a20231030d2021----km-y0itay50------ba 101 0 $aita 102 $aIT 105 $a--------001cy 106 $as 135 $adoug----uuuuu 200 1 $aTutela e valorizzazione del patrimonio culturale$brisorsa elettronica$erealtà territoriale e contesto giuridico globale$fa cura di Maria Cecilia Fregni, Marco Gestri, Mariacristina Santini 210 $aTorino$cGiappichelli$d2021 215 $a1 testo elettronico (XVI, 278 p.) 225 2 $aCollana del Dipartimento di giurisprudenza, Università degli studi di Modena e Reggio Emilia. 3. serie$v14 230 $aTesto elettronico 327 1 $aIndice del libro free access:$uhttp://digital.casalini.it/9788892198036 330 $aIl patrimonio culturale contribuisce alla piena realizzazione di ogni essere umano e deve essere considerato un bene comune, da custodire e valorizzare a beneficio delle generazioni presenti e future. Il volume analizza le principali e più attuali tematiche che la gestione e valorizzazione del patrimonio culturale presenta da un punto di vista giuridico, seguendo un approccio interdisciplinare e prestando particolare attenzione agli aspetti applicativi degli istituti normativi, esaminati anche in riferimento ad alcuni concreti beni d\2019eccezionale valore. I saggi contenuti nel volume sono redatti da studiosi specializzati nelle diverse discipline giuridiche che concorrono alla regolamentazione della materia (diritto internazionale, costituzionale, amministrativo, tributario, penale, ecclesiastico, dell\2019Unione europea) nonché da esperti con importanti funzioni operative; essi analizzano tanto questioni di carattere generale, affrontate comunque in una prospettiva attenta ai più recenti sviluppi (il significato e la portata della tutela del patrimonio culturale nella Costituzione, l\2019impatto delle norme internazionali sulla tutela dei beni culturali sia in tempo di pace che in tempo di conflitto armato, il ruolo della repressione penale nella protezione dei beni culturali) sia problemi più specifici emergenti nell\2019attuale dibattito giuridico (l\2019istituto della \201Cimpresa culturale e creativa\201D; le sponsorizzazioni di beni culturali; la diversità linguistica come componente del patrimonio culturale, la disciplina dei cammini e delle vie di pellegrinaggio; la sentenza della Corte penale internazionale relativa al caso di Timbuktu). 410 0$12001$aCollana del Dipartimento di giurisprudenza, Università degli studi di Modena e Reggio Emilia. 3. serie$v14 500 10$aTutela e valorizzazione del patrimonio culturale$92860172 610 1 $aBeni culturali$aTutela [e] Valorizzazione$aDiritto internazionale [e] Diritto interno 676 $a344.094$v23$9DIRITTO IN MATERIA DI TUTELA DEI BENI CULTURALI E MONUMENTI 702 1$aGestri,$bMarco$4340 702 1$aFregni,$bMaria Cecilia$4340 702 1$aSantini,$bMariacristina$4340 801 0$aIT$bUNIPARTHENOPE$c20231211$gREICAT$2UNIMARC 856 4 $aData ultima consultazione: 11-12-2023$uhttp://digital.casalini.it/9788892198036$zAccesso limitato alla rete di Ateneo Università di Napoli "Parthenope" 912 $a000036093 951 $aEBOOK$b49710$cNAVA1$d2023 996 $aTutela e valorizzazione del patrimonio culturale$92860172 997 $aUNIPARTHENOPE